000 00515nam a2200205Ia 4500
003 OSt
005 20220926044901.0
006 a|||||r|||| 00| 0
007 ta
008 220923b |||||||| |||| 00| 0 eng d
037 _cGeneral Book
040 _aRTL
_cRTL
_beng
041 _2eng
_aeng
082 _aV2.N3, H5
245 0 _aHINDUSTAN OR Pakistan
_b India, partition or unity
260 _c1945
650 _aIndian Histroy
942 _hV2.N3, H5
_cGB
_2CC
999 _c676082
_d676082